| 000 | 00464nam a22001337a 4500 | ||
|---|---|---|---|
| 008 | 151227b xxu||||| |||| 00| 0 eng d | ||
| 082 | _a391.40 R74 | ||
| 100 | 1 |
_aRoel Mendizábal, Pedro, _d1965- _948 |
|
| 245 |
_aAnaco de Camilaca : _bUso contemporáneo de un traje prehispánico _cRoel Mendizábal, Pedro; Paola Borja Chávez |
||
| 260 |
_c2011 _aLima _bMinisterio de Cultura |
||
| 300 | _a164 p. | ||
| 700 | 1 |
_aBorja Chávez, Paola, _d1973- _9119 |
|
| 942 |
_2ddc _cLIBRO |
||
| 999 |
_c5275 _d5275 |
||